000 00302nam a22001457a 4500
008 210308b ||||| |||| 00| 0 eng d
020 _a0443031657
041 _aeng
080 _a61
082 _a61
100 _a3
101 _aSHM
245 _aLung Carnicomas
_cMcDowell, E.M
942 _2udc
_cBK
999 _c55931
_d55931